[Event "Sao Paulo op"]
[Site "Sao Paulo"]
[Date "1991.??.??"]
[Round "10"]
[White "Sakaev, Konstantin"]
[Black "Sunye Neto, Jaime"]
[Result "1/2-1/2"]
[WhiteElo "2450"]
[BlackElo "2475"]

1.d4 Nf6 2.c4 e6 3.Nc3 Bb4 4.f3 d5 5.a3 Bxc3+ 6.bxc3 c5 7.cxd5 exd5 8.e3 O-O
9.Bd3 b6 10.Ne2 Ba6 11.Bxa6 Nxa6 12.O-O Re8 13.Ng3 Nc7 14.Qd3 Ne6 15.Ra2 Rc8
16.Rd2 Qc7 17.e4 Nf4 18.Qe3 cxd4 19.cxd4 N4h5 20.e5 Nxg3 21.hxg3 Nd7 22.Qg5 f6
23.exf6 Nxf6 24.Rdf2 Qc3 25.Kh2 Qd3 26.g4 Rc4 27.Qf5 Qxf5 28.gxf5 Rxd4 29.Bb2 Rd3
30.Rc1 Re7 31.Rc6 Kf7 32.Rfc2 Rd7 33.Rc7 Ke7 34.a4 d4 35.R2c4 Kd6 36.Rc8 Kd5
37.Rb4 Ke5 38.Rb5+ Nd5 39.Ba1 Kxf5 40.Rc4 Ke5 41.Rb1 Ne3 42.Rc8 Kf5 43.g4+ Kg6
44.Kg3 Nd5 45.Rc6+ Nf6 46.Rb5 h6 47.a5 bxa5 48.Rxa5 Rd1 49.f4 Kf7 50.g5 Rd3+
51.Kg2 hxg5 52.fxg5 Nd5 53.Kf2 Ke8 54.Re6+ Kd8 55.g6 Kc8 56.Ra4 Nb6 57.Rb4 Rd1
58.Re1 Rxe1 59.Kxe1 Rd6 60.Bxd4 Rxg6 61.Rb5 Re6+ 62.Kf2 g6 63.Kf3 Kb7 64.Kf4 a6
65.Rb1 a5 66.Kg5 Ka6 67.Bg7 Nc4 68.Rb8 Nb6 69.Rd8 Kb5 70.Bf8 Kc4 71.Rd6 Rxd6
72.Bxd6 Kd5 73.Be7 a4 74.Kxg6 Kc4 75.Kf5 Nd5 76.Bf8 Nb4 77.Ke4 a3 78.Bg7 Kb3
79.Bf8 Kc2 80.Be7 a2 81.Bf6 Nd3 82.Ba1 Nb2 83.Ke3 Nc4+ 84.Ke2 Nb6 85.Bg7 Na4
86.Ba1 Nc5 87.Bg7 Nb3 88.Ke3 Nd2 89.Ke2 Nb1 90.Ba1 Nc3+ 91.Ke3 Na4 92.Ke2 Nb2
93.Ke3 Kb1 94.Kd2 Nc4+ 95.Kd1 Na5 96.Bg7 Nb3 97.Bf6 Nc5 98.Bg7 Nd3 99.Ba1 Nb4
100.Bg7 Nc2 101.Kd2 Na3 102.Kd1 Nc4 103.Ba1 Ne3+ 104.Kd2  1/2-1/2

[Event "Belavenets mem op"]
[Site "Smolensk"]
[Date "1991.??.??"]
[Round "?"]
[White "Golod, Vitali"]
[Black "Buturin, Vladimir"]
[Result "0-1"]
[WhiteElo "2310"]
[BlackElo "2425"]

1.d4 Nf6 2.c4 e6 3.Nc3 Bb4 4.f3 c5 5.a3 Bxc3+ 6.bxc3 Nc6 7.e4 d6 8.Be3 Qa5
9.Qd2 b6 10.Nh3 Ba6 11.d5 Ne5 12.Bf4 Nfd7 13.dxe6 fxe6 14.Ng5 Nxc4 15.Bxc4 Bxc4
16.Bxd6 h6 17.Nh3 O-O-O 18.Qb2 Nb8 19.O-O-O Nc6 20.e5 Qa4 21.Rhe1 Rd7 22.Re4 Rhd8
23.f4 Na5 24.Nf2 Qc6 25.g4 g6 26.f5 gxf5 27.gxf5 exf5 28.Rh4 Qf3 29.Rh3 Qf4+
30.Kb1 Bb3 31.Rdd3 Qa4 32.c4 Bxc4 33.Rc3 Rg8 34.Rhg3 Rxg3 35.hxg3 Qc6 36.Qc2 Qb5+
37.Kc1 Be6 38.Nd3 Nb7 39.Qg2 Nxd6 40.exd6 Kb8 41.Qf3 Qa4 42.g4 Qd4 43.Nb4 Rxd6
44.Na6+ Kc8 45.Qa8+ Kd7 46.Qxa7+ Kd8 47.Kb2 fxg4 48.Qb8+ Ke7 49.Qc7+ Kf8
50.Qb8+ Kg7 51.Nc7 Qf2+ 52.Rc2 Qf6+ 53.Kb1 Rd1+ 54.Rc1 Qf5+  0-1

[Event "St Martin op"]
[Site "St Martin"]
[Date "1991.??.??"]
[Round "3"]
[White "Moskalenko, Viktor"]
[Black "Holzhaeuer, Mathias"]
[Result "1-0"]
[WhiteElo "2525"]
[BlackElo "2325"]

1.d4 Nf6 2.c4 e6 3.Nc3 Bb4 4.f3 c5 5.d5 Nh5 6.g3 Bxc3+ 7.bxc3 f5 8.e4 Qf6
9.f4 Nxg3 10.hxg3 Qxc3+ 11.Bd2 Qxg3+ 12.Ke2 fxe4 13.Qb3 Qxb3 14.axb3 exd5
15.cxd5 d6 16.Bh3 O-O 17.Bxc8 Rxc8 18.Nh3 Nd7 19.Bc3 Nb6 20.Rag1 Rc7 21.Ba5 Rf7
22.Ng5 Rf5 23.Bxb6 axb6 24.Ne6 g6 25.Ke3 Ra2 26.Ra1 Rxa1 27.Rxa1 Rxd5 28.Kxe4 Rd2
29.Ra8+ Kf7 30.Ng5+ Kg7 31.Rb8 Rd4+ 32.Ke3 Rb4 33.Rxb7+ Kg8 34.Nxh7 Rxb3+
35.Ke4 Rb4+ 36.Kd3 Rb1 37.Nf6+ Kf8 38.Ke4 Re1+ 39.Kd5 b5 40.Nh7+ Kg8 41.Kxd6 c4
42.Nf6+ Kf8 43.Nd5 Rb1 44.Ke6 Rc1 45.Kf6 Ke8 46.Kxg6 c3 47.Kf5 c2 48.Nb4 Kf8
49.Rc7 Rb1 50.Nxc2 Rc1 51.Kf6 Ke8 52.Re7+ Kd8 53.Re2 Rb1 54.Re4  1-0

[Event "St Martin op"]
[Site "St Martin"]
[Date "1991.??.??"]
[Round "9"]
[White "Moskalenko, Viktor"]
[Black "Lawson, David"]
[Result "1-0"]
[WhiteElo "2525"]
[BlackElo "2315"]

1.d4 Nf6 2.c4 e6 3.Nc3 Bb4 4.f3 d5 5.a3 Bxc3+ 6.bxc3 c5 7.cxd5 Nxd5 8.dxc5 Qa5
9.e4 Nf6 10.Be3 O-O 11.Qb3 Nfd7 12.a4 Qc7 13.Qa3 Na6 14.Bxa6 bxa6 15.Ne2 Ne5
16.O-O Nc4 17.Qc1 e5 18.f4 Bb7 19.fxe5 Nxe3 20.Qxe3 Rac8 21.Rab1 Ba8 22.e6 fxe6
23.Rxf8+ Rxf8 24.Rf1 Qc6 25.Rxf8+ Kxf8 26.Nd4 Qxe4 27.Nxe6+ Ke7 28.Qxe4 Bxe4
29.Nd4 a5 30.Kf2 Kd7 31.g3 Bc6 32.Nb3 Bxa4 33.Nxa5 Ke6 34.c4 Ke5 35.Ke3 g5
36.Kd3 h5 37.Kc3 h4 38.Kb4 hxg3 39.hxg3 Be8 40.Nb7 Kd4 41.Nd6 a5+ 42.Kxa5 Kxc5
43.Nxe8 Kxc4 44.Nf6  1-0

[Event "Rilton Cup"]
[Site "Stockholm"]
[Date "1991.??.??"]
[Round "6"]
[White "Johansson, Carl Fredrik"]
[Black "Magnusson, Joergen"]
[Result "1/2-1/2"]
[WhiteElo "2210"]
[BlackElo "2290"]

1.d4 Nf6 2.c4 e6 3.Nc3 Bb4 4.f3 c5 5.a3 Bxc3+ 6.bxc3 Nc6 7.e4 d6 8.Be3 b6
9.Bd3 e5 10.Ne2 h6 11.O-O O-O  1/2-1/2

[Event "SWE-ch"]
[Site "SWE"]
[Date "1991.??.??"]
[Round "11"]
[White "Wiedenkeller, Michael"]
[Black "Schneider, Lars Ake"]
[Result "0-1"]
[WhiteElo "2455"]
[BlackElo "2445"]

1.d4 Nf6 2.c4 e6 3.Nc3 Bb4 4.f3 d5 5.a3 Bxc3+ 6.bxc3 c5 7.cxd5 Nxd5 8.Qd3 Nc6
9.e4 Nde7 10.Be3 O-O 11.Qd2 Qa5 12.Bd3 Rd8 13.Ne2 b6 14.Ra2 Ba6 15.Bxa6 Qxa6
16.O-O Rac8 17.Rd1 cxd4 18.cxd4 Na5 19.Qd3 Qc4 20.Qxc4 Nxc4 21.Kf2 Nxe3 22.Kxe3 Rc4
23.Raa1 Nc6 24.Rdc1 Na5 25.Rxc4 Nxc4+ 26.Kd3 b5 27.Rb1 a6 28.a4 Ne5+ 29.Ke3 Nc4+
30.Kf2 Rb8 31.Rb4 Na3 32.axb5 axb5 33.Nc3 Kf8 34.Ke2 Nc2 35.Rb2 Nxd4+ 36.Ke3 e5
37.f4 f6 38.fxe5 fxe5 39.Nd5 b4 40.Kd3 b3 41.Ne3 Kf7 42.Nc4 Ke6 43.Nd2 g6
44.Kc3 Rc8+ 45.Kd3 Rb8 46.Kc3 Rc8+ 47.Kd3 Rc2 48.Nc4 Rc1 49.Na5 Rd1+ 50.Ke3 Ra1
51.Nc4 h5 52.Kd3 Rh1 53.h3 Rd1+ 54.Kc3 Re1 55.Kd3 h4 56.Na5 Rd1+ 57.Kc4 Rc1+
58.Kd3 Rd1+ 59.Kc4 Rc1+ 60.Kd3 Rc2 61.Nc4 Rxb2 62.Nxb2 Kf6 63.Kc3 Ne2+ 64.Kxb3 Nf4
65.Kc3 Nxg2 66.Nd3 Nf4 67.Nf2 Kg5 68.Ng4 Nxh3 69.Nxe5 Ng1 70.Nd3 Nf3 71.Kc2 h3
72.Kd1 h2 73.Nf2 Kf4 74.Nh1 Ke3  0-1

[Event "Tbilisi"]
[Site "Tbilisi"]
[Date "1991.??.??"]
[Round "?"]
[White "Giorgadze, Giorgi"]
[Black "Gurgenidze, Bukhuti"]
[Result "1/2-1/2"]
[WhiteElo "2495"]
[BlackElo "2370"]

1.d4 Nf6 2.c4 e6 3.Nc3 Bb4 4.f3 Nc6 5.a3 Bxc3+ 6.bxc3 d6 7.e4 Nd7 8.Be3 Qe7
9.Bd3 b6 10.f4 Na5 11.Nf3 Ba6 12.Qe2 f5 13.Nd2 fxe4 14.Nxe4 Nf6 15.Nd2 O-O
16.O-O Rae8 17.Bf2 Qf7 18.Bh4 Qh5 19.Qe1 d5 20.Rf3 dxc4 21.Bc2 Bb7 22.Rh3 Qd5
23.Qe2 Nh5 24.Bg5 g6 25.Rf1 Qd6 26.Qg4 Rf7 27.Bh6 Ng7 28.Qe2 Nf5 29.Bg5 c5
30.Bxf5 Rxf5 31.Nxc4 Nxc4 32.Qxc4 cxd4 33.cxd4 Rc8 34.Qd3 Qd5 35.Rg3 Rc4
36.Rd1 Kf7 37.h4 h5 38.Qd2 Qc6 39.Qe2 Rc2 40.Rd2 Rc1+ 41.Kh2 Qc4 42.Rgd3 Bd5
43.Rd1 Rc3 44.Qe3 Rc2 45.R1d2 Ke8 46.Rxc2 Qxc2 47.Qg3 Kd7 48.Re3 Be4 49.Bh6 Bd5
50.Qxg6 Qd2 51.Rg3 Qxd4 52.Qh7+ Kc6 53.Qxa7 Kb5 54.Qe7 Qc5 55.Qg7 Ka6 56.Bg5 Qf2
57.Qh7 Qe2 58.Qc7 Bb7 59.Qd7 Qe4 60.Qd1 e5 61.fxe5 Qxe5 62.Qa4+ Qa5 63.Qxa5+ Rxa5
64.Re3 Ra4 65.Bd8  1/2-1/2

[Event "Tel Aviv"]
[Site "Tel Aviv"]
[Date "1991.??.??"]
[Round "9"]
[White "Soffer, Ram"]
[Black "Gruenfeld, Yehuda"]
[Result "1/2-1/2"]
[WhiteElo "2445"]
[BlackElo "2505"]

1.d4 Nf6 2.c4 e6 3.Nc3 Bb4 4.f3 d5 5.a3 Be7 6.e4 c5 7.dxc5 O-O 8.b4 a5 9.Rb1 axb4
10.axb4 b6 11.cxb6 dxc4 12.Be3 Bb7 13.Bxc4 Qxd1+ 14.Nxd1 Nc6 15.Bc5 Bxc5
16.bxc5 Ra5 17.Ne2 Rxc5 18.Bb5 Nd7 19.Kf2 Rb8 20.Ndc3 Nxb6 21.Bxc6 Bxc6 22.Rhd1 Be8
23.Rd2 Rcc8 24.Rdb2 Nd7  1/2-1/2

[Event "Tilburg"]
[Site "Tilburg"]
[Date "1991.??.??"]
[Round "3"]
[White "Timman, Jan H"]
[Black "Karpov, Anatoly"]
[Result "1/2-1/2"]
[WhiteElo "2630"]
[BlackElo "2730"]

1.d4 Nf6 2.c4 e6 3.Nc3 Bb4 4.f3 d5 5.a3 Bxc3+ 6.bxc3 c5 7.cxd5 Nxd5 8.dxc5 Qa5
9.e4 Nf6 10.Be3 O-O 11.Qb3 Nfd7 12.Qb4 Qc7 13.Rd1 Nc6 14.Qa4 Nce5 15.Qd4 Nc6
16.Qa4 Nce5 17.Qd4 Nc6  1/2-1/2

[Event "Vrnjacka Banja"]
[Site "Vrnjacka Banja"]
[Date "1991.??.??"]
[Round "11"]
[White "Maksimenko, Andrei"]
[Black "Drasko, Milan"]
[Result "1/2-1/2"]
[WhiteElo "2370"]
[BlackElo "2500"]

1.d4 Nf6 2.c4 e6 3.Nc3 Bb4 4.f3 d5 5.a3 Bxc3+ 6.bxc3 c5 7.cxd5 Nxd5 8.dxc5 Qa5
9.e4 Nf6 10.Be3 O-O 11.Qb3 Nfd7 12.Rd1 Qc7 13.Qc4 Na6 14.c6 Ne5 15.Qa4 Nxc6
16.Bxa6 bxa6 17.Bc5 Re8 18.Ne2 e5 19.O-O Be6 20.Qxa6 Na5 21.Bd6 Bc4 22.Bxc7 Bxa6
23.Kf2 Nb7 24.Rd5 f6 25.Rb1 Rac8 26.Ba5 Re7 27.Bb4 Rec7 28.a4 Bc4 29.Rd2 a5
30.Ba3 Bxe2 31.Kxe2 Rxc3 32.Rxb7 Rxa3 33.Kf2 Kh8 34.Rc7 Rg8 35.Rc4 h6 36.h4 Rb8
37.h5 Kh7 38.Kg3 Kh8 39.Kg4 Kh7 40.Kf5 Ra1 41.Kg4 Rab1 42.Rc5 Ra1 43.Rc4 Rab1
44.Rd7 R1b2 45.g3 R2b4 46.Rcc7 Rg8 47.Rf7 Kh8 48.Kf5 Rb3 49.Kg4 Rb4 50.Kf5 Rb3
51.Rc4 Rxf3+ 52.Kg4 Re3 53.Ra7 Rb8 54.Rxa5 Rbb3 55.Rb5 Rxg3+ 56.Kf5 Rbd3
57.Rc8+ Kh7 58.Ke6 Rc3 59.Rxc3 Rxc3 60.a5 Rc6+ 61.Kf5 Ra6 62.Rc5 Ra7 63.Rd5 Ra6
64.Rc5 Ra7 65.Ke6 Ra6+ 66.Kd7 f5 67.Kc7 f4 68.Kb7 Rf6 69.a6 Rf7+ 70.Kb6 Rf6+
71.Kb7 Rf7+ 72.Kb6 Rf6+ 73.Kb5 Rf7 74.Kb6  1/2-1/2

[Event "Warsaw Legion op"]
[Site "Warsaw"]
[Date "1991.??.??"]
[Round "3"]
[White "Bogdanovich, Grigory"]
[Black "Bogdanovski, Vlatko"]
[Result "1/2-1/2"]
[WhiteElo "2355"]
[BlackElo "2440"]

1.d4 Nf6 2.c4 e6 3.Nc3 Bb4 4.f3 d5 5.a3 Bxc3+ 6.bxc3 c5 7.cxd5 Nxd5 8.Qd3 cxd4
9.cxd4 Nc6 10.e4 Nb6 11.Be3 O-O 12.f4 f5 13.Nf3 fxe4 14.Qxe4 Qd5 15.Qc2 Ne7
16.Bd3 Nf5 17.Bf2 Bd7 18.O-O Rac8 19.Qe2 Bc6 20.Rfe1  1/2-1/2

[Event "Wiesbaden op"]
[Site "Wiesbaden"]
[Date "1991.??.??"]
[Round "7"]
[White "Gutman, Lev"]
[Black "Aseev, Konstantin N"]
[Result "0-1"]
[WhiteElo "2445"]
[BlackElo "2515"]

1.d4 Nf6 2.c4 e6 3.Nc3 Bb4 4.f3 d5 5.a3 Be7 6.e4 c5 7.e5 Nfd7 8.cxd5 exd5
9.f4 Nc6 10.Nf3 cxd4 11.Nxd4 O-O 12.Be3 Nc5 13.Be2 Ne6 14.Qd2 f6 15.Bf3 fxe5
16.Nxe6 Bxe6 17.Bxd5 Bxd5 18.Qxd5+ Qxd5 19.Nxd5 exf4 20.Nxf4 Bh4+ 21.g3 Rae8
22.Kd2 Bf6 23.Bc5 Rf7 24.Rae1 Ne5 25.Re4 Rc7 26.Bd4 Nf3+ 27.Ke3 Rxe4+ 28.Kxe4 Nxd4
29.Nd5 Rc4 30.Nxf6+ gxf6 31.Kd5 Ra4 32.Rf1 Nc6 33.Rxf6 Rd4+ 34.Kc5 Rd2 35.b4 Ne5
36.Rh6 Ng4 37.Rd6 b6+ 38.Kc6 Ne5+ 39.Kc7 Rxd6 40.Kxd6 Nc4+  0-1

[Event "Oberliga Wuert9091"]
[Site "Wuerttemberg"]
[Date "1991.??.??"]
[Round "?"]
[White "Mira, Helene"]
[Black "Kaiser, Dieter"]
[Result "0-1"]
[WhiteElo "2140"]
[BlackElo "2300"]

1.d4 Nf6 2.c4 e6 3.Nc3 Bb4 4.f3 d5 5.cxd5 exd5 6.e3 c5 7.a3 Bxc3+ 8.bxc3 Nc6
9.Bd3 O-O 10.Ne2 Re8 11.O-O h5 12.Rb1 Rb8 13.Qe1 c4 14.Bc2 b5 15.Qh4 Ne7
16.Nf4 Bf5 17.Bxf5 Nxf5 18.Qg5 g6 19.Nxg6 fxg6 20.Qxg6+ Ng7 21.e4 Re6 22.Bg5 Qe8
23.Qxe8+ Ngxe8 24.Bxf6 Rxf6 25.e5 Rf5 26.a4 a6 27.axb5 axb5 28.Rf2 Nc7 29.Ra2 Rb7
30.Ra5 Rf8 31.Kf2 Rfb8 32.f4 b4 33.cxb4 Rxb4 34.Rxb4 Rxb4 35.f5 Nb5 36.e6 c3
37.f6 Nc7 38.Rc5 Nxe6 39.Rxc3 Rxd4 40.Rc6 Kf7 41.Ke3 Re4+ 42.Kd2 Kxf6 43.Rd6 Ke5
44.Rd7 Rg4 45.g3 Ra4 46.h3 Ng5 47.Ke3 Ra3+ 48.Ke2 Rxg3 49.h4 Ne6  0-1

[Event "Wuerzburg op"]
[Site "Wuerzburg"]
[Date "1991.??.??"]
[Round "7"]
[White "Bogdanovich, Grigory"]
[Black "Farago, Ivan"]
[Result "0-1"]
[WhiteElo "2355"]
[BlackElo "2495"]

1.d4 Nf6 2.c4 e6 3.Nc3 Bb4 4.f3 d5 5.a3 Bxc3+ 6.bxc3 c5 7.cxd5 Nxd5 8.Qd3 cxd4
9.cxd4 b6 10.e4 Ba6 11.Qb3 Bxf1 12.Kxf1 Ne7 13.Ne2 Nbc6 14.Be3 O-O 15.Kf2 Na5
16.Qd3 Qd6 17.Bf4 Qd7 18.Rhc1 Nac6 19.Rc3 Rad8 20.Rd1 h6 21.Qb5 f5 22.Ke1 fxe4
23.fxe4 Qe8 24.Rdd3 Ng6 25.Bc7 Nce5 26.Qxe8 Nxd3+ 27.Rxd3 Rdxe8 28.g3 Rf7
29.Bd6 Rd7 30.e5 Ne7 31.Nc3 Nd5 32.Ne4 Rc8 33.Kd2 Rf7 34.Bb4 Rf1 35.Bc3 Rh1
36.h4 Rh2+ 37.Kd1 Rf8 38.Bd2 Rf1+ 39.Kc2 Re1 40.Nd6 Re3 41.Nc4 Rxd3 42.Kxd3 Rg2
43.Be1 Ra2 44.Bb4 a5 45.Be1 h5  0-1

[Event "Alicante op"]
[Site "Alicante"]
[Date "1992.??.??"]
[Round "3"]
[White "Komljenovic, Davor"]
[Black "Gomez Jurado, Luis Alberto"]
[Result "1-0"]
[WhiteElo "2495"]
[BlackElo "2265"]

1.d4 Nf6 2.c4 e6 3.Nc3 Bb4 4.f3 c5 5.d5 b5 6.e4 bxc4 7.Bxc4 Nxd5 8.Bxd5 exd5
9.Qxd5 Nc6 10.Ne2 O-O 11.O-O Re8 12.Rd1 Ba6 13.Bf4 Qb6 14.Qg5 Bxc3 15.Nxc3 Nd4
16.Nd5 Qd8 17.Nc7 Qb8 18.Nxa8 Ne2+ 19.Kh1 Nxf4 20.Rxd7 Ne6 21.Qf5 Rf8 22.Rxf7 Rxf7
23.Qxe6 Bc8 24.Qc4 Qd6 25.b4 Ba6 26.Qxc5 Qxc5 27.bxc5 Bb7 28.Nb6 axb6 29.cxb6 Ba6
30.Kg1 Rb7 31.Rb1 Kf7 32.a4 Ke6 33.a5 Kd6 34.Rc1 Kd7 35.Kf2 Bb5 36.Ke3 Bc6
37.Kd4 Rb8 38.Rc5 Ra8 39.Rg5 g6 40.h4 Kc8 41.h5 Kb7 42.h6 Rd8+ 43.Ke5 Ka6
44.Kf6 Bb5 45.e5 Kxa5 46.e6 Kxb6 47.Rxb5+ Kxb5 48.e7 Ra8 49.Kf7 Rf8+ 50.exf8=N  1-0

[Event "Amantea op"]
[Site "Amantea"]
[Date "1992.??.??"]
[Round "?"]
[White "Pein, Malcolm"]
[Black "Farago, Ivan"]
[Result "0-1"]
[WhiteElo "2450"]
[BlackElo "2520"]

1.d4 Nf6 2.c4 e6 3.Nc3 Bb4 4.f3 d5 5.a3 Bxc3+ 6.bxc3 c5 7.cxd5 Nxd5 8.Qd2 cxd4
9.cxd4 Nc6 10.e4 Nb6 11.Bb5 O-O 12.Ne2 Bd7 13.O-O Ne5 14.Rb1 Nec4 15.Qd3 Bxb5
16.Rxb5 Qd7 17.Rb4 Ne5 18.Qe3 Nc6 19.Rb1 Rac8 20.Rd1 Nc4 21.Qd3 N6a5 22.Nc3 b6
23.a4 Rfd8 24.Bg5 f6 25.Bh4 Ne5 26.Qe2 Ng6 27.Be1 Rc4 28.d5 e5 29.Qa2 Rdc8
30.Nb5 a6 31.Bxa5 axb5 32.Bxb6 Rc2 33.Rb2 Rxb2 34.Qxb2 bxa4 35.Be3 h5 36.Qb4 Nf4
37.Bxf4 exf4 38.Ra1 Qa7+ 39.Kh1 Qe3 40.Qe1 Qxe1+ 41.Rxe1 a3 42.h4 a2 43.Kh2 Rb8
44.d6 Kf7  0-1

[Event "Mercantil op"]
[Site "Ateneo"]
[Date "1992.??.??"]
[Round "7"]
[White "Coret Frasquet, Jose"]
[Black "Barbera Estelles, Rosendo"]
[Result "1-0"]
[WhiteElo "2290"]
[BlackElo "2260"]

1.d4 Nf6 2.c4 e6 3.Nc3 Bb4 4.f3 d5 5.a3 Bxc3+ 6.bxc3 O-O 7.cxd5 exd5 8.e3 c5
9.Bd3 Nc6 10.Ne2 cxd4 11.cxd4 Re8 12.O-O Be6 13.Bd2 Qd7 14.Ng3 a6 15.Qb3 h5
16.Qb1 Ne7 17.h4 g6 18.Be1 Kg7 19.Bf2 Nfg8 20.e4 Nh6 21.Qc1 f6 22.e5 f5 23.Qg5 Kh7
24.Be3 Nf7 25.Qf4 Rac8 26.Ne2 Rf8 27.Qg3 Nc6 28.Nf4 Rg8 29.Qe1 Rc7 30.Qd2 Kh8
31.g3 Ncd8 32.Rfc1 Rxc1+ 33.Qxc1 Nc6 34.Qc5 Kg7 35.Rb1 Rc8 36.Qb6 Ncd8 37.Rc1 Rxc1+
38.Bxc1 Nc6 39.Be3 Nfd8 40.Kf2 Qe7 41.Bc1 Bf7 42.Bc2 Ne6 43.Nxe6+ Bxe6 44.Bg5 Qd7
45.Ba4 Qc8 46.Qc5 b5 47.Bb3 Qd7 48.Ke3 Na5 49.Bc2 Nc4+ 50.Kf4 a5 51.Bf6+ Kf7
52.Bd3 Qb7 53.Kg5 b4 54.axb4 axb4 55.Kh6 b3 56.Bg7 Qb8 57.Bxc4 dxc4 58.d5 b2
59.dxe6+ Kxe6 60.Qc6+  1-0

[Event "Balatonbereny op"]
[Site "Balatonbereny"]
[Date "1992.??.??"]
[Round "1"]
[White "Varga, Zoltan"]
[Black "Piper, Matthew"]
[Result "1/2-1/2"]
[WhiteElo "2400"]
[BlackElo "2235"]

1.c4 Nf6 2.d4 e6 3.Nc3 Bb4 4.f3 d5 5.a3 Be7 6.e4 dxe4 7.fxe4 e5 8.d5 Ng4
9.Nh3 Bc5 10.Qd3 O-O 11.Bd2 Nd7 12.O-O-O Bd4 13.Qf3 Nc5 14.Nb5 f5 15.Nxd4 fxe4
16.Qg3 exd4 17.Be2 Nf6 18.Bh6 Rf7 19.Rxd4 Bf5 20.Bg5 Qd6 21.Qe3  1/2-1/2

[Event "Balatonbereny op"]
[Site "Balatonbereny"]
[Date "1992.??.??"]
[Round "3"]
[White "Vegh, Endre"]
[Black "Piper, Matthew"]
[Result "1/2-1/2"]
[WhiteElo "2405"]
[BlackElo "2235"]

1.d4 Nf6 2.c4 e6 3.Nc3 Bb4 4.f3 d5 5.a3 Be7 6.e4 dxe4 7.fxe4 e5 8.d5 Ng4
9.Nf3 Bc5 10.Na4 Bf2+ 11.Ke2 b5 12.h3 bxa4 13.hxg4 Bc5 14.g5 c6 15.Qxa4 O-O
16.Bd2  1/2-1/2

[Event "Balatonbereny op"]
[Site "Balatonbereny"]
[Date "1992.??.??"]
[Round "5"]
[White "Vegh, Endre"]
[Black "Lirindzakis, Timotheos"]
[Result "1/2-1/2"]
[WhiteElo "2405"]
[BlackElo "2325"]

1.d4 Nf6 2.c4 e6 3.Nc3 Bb4 4.f3 d5 5.a3 Bxc3+ 6.bxc3 c5 7.cxd5 Nxd5 8.Qd3 b6
9.e4 Ba6 10.Qd2 Bxf1 11.Kxf1 Ne7 12.Ne2 O-O 13.g3 Nbc6 14.Kg2 Na5 15.Rb1 Qc7
16.Rd1 Rfd8  1/2-1/2

[Event "Belgrade IKO"]
[Site "Belgrade"]
[Date "1992.??.??"]
[Round "7"]
[White "Ilincic, Zlatko"]
[Black "Ostojic, Nikola"]
[Result "0-1"]
[WhiteElo "2445"]
[BlackElo "2460"]

1.d4 Nf6 2.c4 e6 3.Nc3 Bb4 4.f3 c5 5.d5 d6 6.e4 Bxc3+ 7.bxc3 e5 8.Ne2 Qa5
9.a4 h5 10.Bd2 Nbd7 11.Ng3 g6 12.Bd3 h4 13.Ne2 Kf8 14.O-O Kg7 15.Qe1 Rh5
16.f4 Qd8 17.h3 a5 18.Rf3 exf4 19.Bxf4 Ne5 20.Bxe5 dxe5 21.Qf2 Qe7 22.Rf1 Ra6
23.Nc1 Rb6 24.Bc2 g5 25.Qe3 g4 26.hxg4 Bxg4 27.R3f2 Nd7 28.Rxf7+ Qxf7 29.Rxf7+ Kxf7
30.Nd3 Rg6 31.Nxc5 Nxc5 32.Qxc5 h3 33.gxh3 Bxh3+ 34.Kf2 Rg2+ 35.Kf3 Rhg5
36.Qc7+ Kg6  0-1

[Event "Belgrade"]
[Site "Belgrade"]
[Date "1992.??.??"]
[Round "11"]
[White "Matveeva, Svetlana"]
[Black "Bojkovic, Natasa"]
[Result "0-1"]
[WhiteElo "2425"]
[BlackElo "2330"]

1.d4 Nf6 2.c4 e6 3.Nc3 Bb4 4.f3 d5 5.a3 Bxc3+ 6.bxc3 c5 7.cxd5 Nxd5 8.Qd3 cxd4
9.cxd4 Nc6 10.e4 Nb6 11.Be3 O-O 12.Be2 f5 13.Nh3 fxe4 14.fxe4 e5 15.d5 Bxh3
16.gxh3 Qh4+ 17.Kd2 Na5 18.Rac1 Rac8 19.Bg4 Rf2+ 20.Kd1 Nac4 21.Rb1 Nxe3+
22.Qxe3 Nc4 23.Qc3 Rd2+ 24.Qxd2 Nxd2 25.Rxb7 Rf8 26.Kxd2 Qf2+ 27.Kc3 Qe3+
28.Kb2 Rf2+  0-1

[Event "Belgrade IKO"]
[Site "Belgrade"]
[Date "1992.??.??"]
[Round "11"]
[White "Ilincic, Zlatko"]
[Black "Levin, Felix"]
[Result "1-0"]
[WhiteElo "2445"]
[BlackElo "2475"]

1.d4 Nf6 2.c4 e6 3.Nc3 Bb4 4.f3 c5 5.d5 Nh5 6.g3 f5 7.e4 d6 8.exf5 Bxc3+
9.bxc3 exf5 10.Nh3 O-O 11.Be2 Re8 12.O-O Nd7 13.Qc2 Nf8 14.Bd3 g6 15.Bg5 Qc7
16.Rae1 Bd7 17.Qd2 Ba4 18.g4 Ng7 19.Bh6 Rxe1 20.Rxe1 Re8 21.Rxe8 Bxe8 22.Qg5 fxg4
23.fxg4 Qf7 24.Qd8 Qd7 25.Qf6 Qxg4+ 26.Kf2 Qd7 27.Ng5 b6 28.Ke1 Qb7 29.Bf1 a6
30.Bh3 b5 31.Bc8 Qa7 32.Ne6 Nfxe6 33.Bxe6+  1-0

[Event "Bern op"]
[Site "Bern"]
[Date "1992.??.??"]
[Round "8"]
[White "Wells, Peter K"]
[Black "Grosar, Aljosa"]
[Result "1-0"]
[WhiteElo "2470"]
[BlackElo "2455"]

1.d4 Nf6 2.c4 e6 3.Nc3 Bb4 4.f3 d5 5.a3 Bxc3+ 6.bxc3 c5 7.cxd5 Nxd5 8.dxc5 Qa5
9.e4 Ne7 10.Be3 O-O 11.Qb3 Nec6 12.Nh3 Nd7 13.Bb5 Qc7 14.Nf2 Na5 15.Qb4 Nc6
16.Qa4 Na5 17.Qb4 Nc6 18.Bxc6 bxc6 19.O-O Ba6 20.Rfd1 Ne5 21.Qa4 Bb5 22.Qc2 Nc4
23.Bc1 Rfd8 24.Nd3 Qa5 25.a4 Ba6 26.Bf4 f6 27.Qb3 e5 28.Be3 Kh8 29.Bf2 Nd2
30.Rxd2 Rxd3 31.Rxd3 Bxd3 32.Rd1 Rd8 33.h3 h6 34.c4 Be2 35.Rd6 Qc7 36.Qc2  1-0

[Event "Biel op"]
[Site "Biel"]
[Date "1992.??.??"]
[Round "6"]
[White "Soffer, Ram"]
[Black "Law, Andrew P"]
[Result "1/2-1/2"]
[WhiteElo "2450"]
[BlackElo "2340"]

1.d4 Nf6 2.c4 e6 3.Nc3 Bb4 4.f3 d5 5.a3 Bxc3+ 6.bxc3 c5 7.cxd5 Nxd5 8.dxc5 Qa5
9.e4 Ne7 10.Be3 O-O 11.Qb3 Qc7 12.a4 Nec6 13.f4 Na5 14.Qa3 b6 15.Nf3 Ba6
16.Nd2 Bxf1 17.Rxf1 Nd7 18.cxb6 axb6 19.Kf2 Rfc8 20.Rfc1 Nc5 21.Ke2 Ncb3
22.Qb4 Nxa1 23.Rxa1 Nc4 24.Nxc4 Qxc4+ 25.Qxc4 Rxc4 26.Bxb6 Rcxa4 27.Rxa4 Rxa4
28.Kf3 Kf8 29.e5 Ke7 30.h4 Kd7 31.Bd4 Kc6 32.Ke4 Kb5 33.g4 Kc4 34.f5 Ra1
35.h5 Rf1 36.fxe6 fxe6 37.Be3 Kxc3 38.h6 g6 39.Bg5 Ra1 40.Bf6 Ra4+ 41.Kf3 Kd3
42.Bg7 Re4 43.Bf6 Kd4 44.Kg3 Kd5 45.Kh4 Rf4 46.Kg5 Ke4 47.Bd8 Rf7 48.Bf6 Kd5
49.Bg7 Kc6 50.Bf6 Kd7 51.Bg7 Ke7 52.Bh8 Rf8 53.Bg7 Rg8 54.Bf6+ Kf7 55.Kh4 g5+
56.Kh5 Ke8 57.Bg7 Kf7 58.Kxg5 Ra8 59.Bf6 Ra1 60.Bg7 Rf1 61.Bf6 Ke8 62.Bg7 Kd7
63.Kh4 Kc6 64.Kg3 Kd5 65.Kh4 Ke4 66.Kg5 Rf3 67.Bf6 Rf4 68.Bh8 Ke3 69.Bf6 Kf3
70.Bg7 Kg3 71.Bh8 Rxg4+ 72.Kf6 Rg6+ 73.Kf7 Kg4 74.Bg7 Kf5 75.Kg8 Rxh6  1/2-1/2

[Event "Brno"]
[Site "Brno"]
[Date "1992.??.??"]
[Round "7"]
[White "Sakaev, Konstantin"]
[Black "Blatny, Pavel"]
[Result "1/2-1/2"]
[WhiteElo "2540"]
[BlackElo "2515"]

1.d4 Nf6 2.c4 e6 3.Nc3 Bb4 4.f3 d5 5.a3 Bxc3+ 6.bxc3 c5 7.cxd5 Nxd5 8.dxc5 Qa5
9.e4 Nf6 10.Be3 O-O 11.Qb3 Nfd7 12.a4 Qc7 13.Qa3 Nc6 14.Nh3 Na5 15.Be2 b6
16.cxb6 axb6 17.Kf2 Ba6 18.Rhd1 Bxe2 19.Kxe2 Nc4  1/2-1/2

[Event "Bucharest-B"]
[Site "Bucharest"]
[Date "1992.??.??"]
[Round "?"]
[White "Vasilescu, Lucian"]
[Black "Marinelli, Tullio"]
[Result "1-0"]
[WhiteElo "2430"]
[BlackElo "2320"]

1.d4 Nf6 2.c4 e6 3.Nc3 Bb4 4.f3 d5 5.a3 Bxc3+ 6.bxc3 O-O 7.cxd5 exd5 8.e3 b6
9.Bd3 c5 10.Ne2 Re8 11.O-O Ba6 12.Ng3 cxd4 13.cxd4 Qc8 14.Ra2 Bxd3 15.Qxd3 Qa6
16.Qxa6 Nxa6 17.Rff2 Rac8 18.Rfc2 g6 19.Kf2 Nc7 20.a4 Ne6 21.Bd2 Nd7 22.Ne2 Red8
23.Nc3 Nb8 24.Nb5 Nc6 25.Ra1 a6 26.Na3 Na7 27.Ke2 f5 28.Kd3 Kf7 29.Rb1 Rxc2
30.Nxc2 Rd6 31.e4 dxe4+ 32.fxe4 Nc5+ 33.Ke3 Nxe4 34.Bb4 Rd7 35.g4 Nd6 36.h3 fxg4
37.hxg4 Nc4+ 38.Ke4 Nc6 39.d5 Nxb4 40.Rxb4 b5 41.axb5 Nd6+ 42.Ke5 Nxb5 43.Rf4+ Ke8
44.Nd4 Nxd4 45.Rxd4 a5 46.d6 Ra7 47.Ke6 Ra6 48.Rc4 Kd8 49.Rc7 a4 50.Rxh7 Kc8
51.Rh8+ Kb7 52.Ke7 Ra7 53.d7 Kc6 54.Rc8+ Kd5 55.Ke8  1-0

[Event "Multicoop op"]
[Site "Budapest"]
[Date "1992.??.??"]
[Round "4"]
[White "Schipkov, Boris"]
[Black "Sziraki, Tamas"]
[Result "0-1"]
[WhiteElo "2355"]
[BlackElo "2210"]

1.d4 Nf6 2.c4 e6 3.Nc3 Bb4 4.f3 d5 5.a3 Bxc3+ 6.bxc3 c5 7.cxd5 Nxd5 8.Qd3 cxd4
9.cxd4 Nc6 10.e4 Nb6 11.Be3 O-O 12.Be2 f5 13.Nh3 fxe4 14.Qxe4 e5 15.dxe5 Bf5
16.Bxb6 Qxb6 17.Qc4+ Kh8 18.Nf2 Nd4 19.Bd1 Rfc8 20.Qb4 Nc2+ 21.Bxc2 Qe3+
22.Kf1 Rxc2 23.Qe1 Bd3+ 24.Nxd3 Qxd3+ 25.Kg1 Re2 26.h4 Rxe1+ 27.Rxe1 Qxa3
28.Kh2 Qe7 29.Re4 a5 30.e6 a4 31.Rd1 a3 32.Rd7 Qe8  0-1

[Event "Buenos Aires Najdorf qual"]
[Site "Buenos Aires"]
[Date "1992.??.??"]
[Round "1"]
[White "Juarez, Alberto"]
[Black "Bronstein, Luis"]
[Result "1/2-1/2"]
[WhiteElo "2265"]
[BlackElo "2365"]

1.d4 Nf6 2.c4 e6 3.Nc3 Bb4 4.f3 d5 5.a3 Be7 6.e4 c5 7.cxd5 exd5 8.e5 Nfd7
9.Nxd5 cxd4 10.Nxe7 Qxe7 11.Qxd4 Nxe5 12.Qe3 Nbc6 13.f4 Nd4 14.Bb5+ Nd7 15.Ba4 b5
16.Bd1 Bb7 17.Nf3 Nxf3+ 18.gxf3 Nb6 19.Be2 Nc4 20.Qxe7+ Kxe7 21.b3 Na5 22.Be3 Bd5
23.Bxb5 Nxb3 24.Rb1 Rhc8 25.O-O Rc3 26.Kf2 Kf8 27.Rfd1 Be6 28.Rd3 Rxd3 29.Bxd3 a5
30.f5 Bd5 31.Rb2 Rc8 32.Rc2 Rxc2+ 33.Bxc2 a4 34.Ke2 Ke7 35.f4 Bc4+ 36.Kd1 f6
37.Be4 Kd6 38.Kc2 Nc5 39.Bxc5+ Kxc5 40.Kc3 Bb5 41.Bf3 Bd7 42.Be4  1/2-1/2